| 000 | 00512nam a22001577a 4500 | ||
|---|---|---|---|
| 082 |
_a620.41 _bFAI |
||
| 100 |
_aFaisal Umer (329309) _9119471 |
||
| 245 | _aDesign, Fabrication and Performance Analysis of Photovoltaic-Thermal Collector by using different Heat Transfer Fluids / | ||
| 264 |
_aIslamabad : _bUSPCAS-E, NUST _cSeptember, 2023. |
||
| 300 |
_axiv, 61 p. _e+CD |
||
| 520 | _aTH-528 | ||
| 650 | _aMS ESE Thesis | ||
| 650 |
_aMS Thesis _918721 |
||
| 710 |
_aDr Adeel Waqas _9118068 |
||
| 942 |
_2ddc _cTHE |
||
| 999 |
_c607167 _d607167 |
||